书目信息 |
| 题名: |
电力系统分析
|
|
| 作者: | 任思璟 | |
| 分册: | ||
| 出版信息: | 长春 吉林大学出版社 2016.01 |
|
| 页数: | 272页 | |
| 开本: | 26cm | |
| 丛书名: | ||
| 单 册: | ||
| 中图分类: | TM711 | |
| 科图分类: | ||
| 主题词: | 输电理论 , 输电--电力工程--分析 , 配电系统--电力工程--理论 , 配电系统--电力工程--分析 , 电力系统--理论 , 电力系统--分析 | |
| 电子资源: | ||
| ISBN: | 978-7-5677-5622-9 | |
| 000 | 00754nam0 2200265 450 | |
| 001 | 3441 | |
| 005 | 20160926084323.92 | |
| 010 | @a978-7-5677-5622-9@b平装@dCNY38.00 | |
| 100 | @a20151001d2016 km y0chiy0120 ea | |
| 101 | 0 | @achi |
| 102 | @aCN@b220000 | |
| 200 | 1 | @a电力系统分析@Adian li xi tong fen xi@f任思璟@Fren si jing |
| 210 | @a长春@c吉林大学出版社@d2016.01 | |
| 215 | @a272页@d26cm | |
| 330 | @a电力系统·系统分析 | |
| 606 | 0 | @a输电理论 |
| 606 | 0 | @a输电@x电力工程@x分析 |
| 606 | 0 | @a配电系统@x电力工程@x理论 |
| 606 | 0 | @a配电系统@x电力工程@x分析 |
| 606 | 0 | @a电力系统@x理论 |
| 606 | 0 | @a电力系统@x分析 |
| 690 | @aTM711@v4 | |
| 701 | 0 | @a任思璟@Aren si jing |
| 801 | 0 | @aCN@b唐山师范学院图书馆@c20151001 |
| 905 | @aZUCC@dTM711@e37 | |
| 电力系统分析/任思璟.-长春:吉林大学出版社,2016.01 |
| 272页;26cm |
| ISBN 978-7-5677-5622-9(平装):CNY38.00 |
| 电力系统·系统分析 |
| ● |
| 相关链接 |
|
|
|
|
正题名:电力系统分析
索取号:TM711/37
 
预约/预借
| 序号 | 登录号 | 条形码 | 馆藏地/架位号 | 状态 | 备注 |
| 1 | 905098 | 209050989 | 第二样本阅览室/ [索取号:TM711/37] | 在馆 | |
| 2 | 905099 | 209050998 | 密集书库-物理学院/ [索取号:TM711/37] | 在馆 | |
| 3 | 905100 | 209051005 | 第三借阅区/ [索取号:TM711/37] | 在馆 | |
| 4 | 905101 | 209051014 | 第三借阅区/ [索取号:TM711/37] | 在馆 | |
| 5 | 905102 | 209051023 | 第三借阅区/ [索取号:TM711/37] | 在馆 |